Counties in Ireland and Northern Ireland - Statistics

General Stats
  • This quiz has been taken 391 times
  • The average score is 23 of 32
Answer Stats
Hint Answer % Correct
Munster Cork
93%
Leinster Dublin
91%
Ulster Derry
90%
Ulster Antrim
87%
Ulster Donegal
87%
Ulster Tyrone
86%
Ulster Armagh
85%
Ulster Down
85%
Connacht Galway
83%
Ulster Fermanagh
80%
Munster Waterford
79%
Leinster Wexford
76%
Munster Kerry
75%
Munster Limerick
75%
Ulster Cavan
73%
Connacht Sligo
73%
Ulster Monaghan
71%
Munster Tipperary
69%
Leinster Kilkenny
68%
Leinster Meath
68%
Connacht Mayo
67%
Munster Clare
64%
Leinster Westmeath
62%
Connacht Leitrim
61%
Leinster Wicklow
61%
Leinster Louth
59%
Connacht Roscommon
58%
Leinster Kildare
56%
Leinster Laois
56%
Leinster Offaly
52%
Leinster Carlow
50%
Leinster Longford
43%
No matching quizzes found
Score Distribution
Percent of People with Each Score
Percentile by Number Answered
Your Score History
You have not taken this quiz